000 00365nam a2200145Ia 4500
008 150301s2012 xx 000 0 und d
082 _a614
_bE12M
100 _aMAHABALARAJU, D.K.
245 _aESSENTIALS OF COMMUNITY MEDICINE PRACTICALS
250 _a1ST
260 _bJAYPEE
_aDELHI
_c2012
300 _a366
650 _aCOMMUNITY MEDICINE
942 _2ddc
_cBK
_07
999 _c6566
_d6566